000 00468nam a2200181Ia 4500
001 25444
005 20260414151150.0
008 260414t2019||||xx |||||||||||||| ||spa||
041 _aESP
082 _a346.5
_bT19T
100 _aTantaleán Odar, Reynaldo Mario
_eAUT
245 0 _aTutela judicial en el incumplimiento de las obligaciones
_b
260 _c2019
300 _a397 páginas :
_c25 cm.
650 _aDER
654 _aCDE
942 _cLIB
_dJUS
_fJUS
_2ddc
_n
999 _c25444
_d25444